Plavání teorie a didaktika

Saved in:
Bibliographic Details
Format: Book
Language:Czech
Published: Praha Státní pedagogické nakladatelství 1983
Series:Učebnice pro vysoké školy
Tags: Add Tag
No Tags, Be the first to tag this record!

MARC

LEADER 00000nam a2200000 4500
001 c130131
005 20260123083727.0
041 0 |a cze 
044 |a CZ 
245 1 0 |a Plavání  |b teorie a didaktika  |c Miroslav Hoch a kol. 
264 1 |a Praha  |b Státní pedagogické nakladatelství  |c 1983 
300 |a 171 s. 
490 1 |a Učebnice pro vysoké školy 
830 0 |a Učebnice pro vysoké školy